Politique Française en D - Statistiques

Statistiques générales
  • Ce quiz a été pris 251 fois
  • Le résultat moyen est 7 sur 10
Statistiques - réponses
Hint Réponse % Correct
Ancienne Garde des Sceaux du gouvernement Fillon et actuelle ministre de la Culture. Rachida Dati
94%
Parti politique français présidé par François Bayrou, Mouvement __________ Mouvement démocrate (MODEM)
91%
Procédure régie par l’article 68 de la Constitution, visant le Président de la République, qui n’est possible qu'en cas de manquement à ses devoirs manifestement incompatible avec l'exercice de son mandat. Destitution
83%
Philosophe français des Lumières, créateur avec d’Alembert de l’Encyclopédie Denis Diderot
82%
Député français de 1997 à 2024, il est battu par le candidat cheminot du NFP Bérenger Cernot aux législatives de 2024. Candidat malheureux aux élections présidentielles de 2012 et 2017, il déclenche la colère de l’opinion publique en soutenant Marine le Pen pour le second tour en 2017. Nicolas Dupont-Aignan
74%
1er Premier Ministre de la Ve République, résistant et fervent gaulliste, il est considéré comme le père de la Constitution du 4 octobre 1958. Michel Debré
69%
Parti politique créé par ce dernier et dont il est le président Debout la France
64%
Ville dont François Rebsamen, ancien ministre du Travail de Manuel Valls, est le maire depuis 2001. Dijon
62%
Régime politique en place lors de la 1ère République en France (1795-1799) qui a pris fin suite au Coup d’Etat du 18 Brumaire de Napoléon Bonaparte Directoire
59%
Maire de Paris de 2001 à 2014 Bertrand Delanoë
51%
Aucun quiz correspondant
Distribution des résultats
% des personnes avec chaque résultat
Percentile par nombre de réponses
Votre historique - résultats
Vous n’avez pas pris ce quiz